000
00318nam a22001457a 4500
008
210604b ||||| |||| 00| 0 eng d
020
_a
9780073375175
041
_a
eng
080
_a
159.9
082
_a
159.9
100
_a
48
101
_a
PSI
245
_a
Psychology of Success
_c
Denis Wairley
942
_2
udc
_c
BK
999
_c
57981
_d
57981